Statistics for Quiz about Africa

Click here to take the quiz!

General Stats

  • This quiz has been taken 39 times
    (13 since last reset)
  • The average score is 12 of 16

Answer Stats

Hint Answer % Correct
Biggest country in AfricaAlgeria
100%
Biggest island in AfricaMadagascar
100%
Biggest country in Africa until 2011Sudan
92%
Country surrounded by South AfricaLesotho
92%
Most populated country in AfricaNigeria
92%
Capital of KenyaNairobi
92%
Biggest city in NigeriaLagos
92%
Big city in Northern EgyptAlexandria
83%
Capital of GhanaAccra
83%
Small country between Eritrea, Ethiopia and SomaliaDjibouti
83%
Country that claims Western SaharaMorocco
75%
Country where Elon Musk was bornSouth Africa
75%
This country has 13 monthsEthiopia
33%
It's flag has a golden eagle on itEgypt
33%
Capital of the African UnionAddis Ababa
25%
Biggest rebellion in SomaliaSomaliland
17%

Score Distribution

Percentile by Number Answered

Percent of People with Each Score

Your Score History

You have not taken this quiz since the last reset